Hypoúvery si v podnikoch zatiaľ nenašli veľa miesta

Hypotekárne úvery fyzických osôb vďaka štátnej podpore zažívajú boom, čo sa nedá povedať o právnických osobách. Príčiny danej situácie. Problémom je založenie úveru, schopnosť dlhodobo garantovať návratnosť a konkurencia investičných úverov. Podnikateľský plán. Úroky a poplatky. Základné podmienky h...

Full description

Saved in:
Bibliographic Details
Main Author: Kláseková, Martina
Format: Book Chapter
Language:Slovak
Subjects:
Tags: Add Tag
No Tags, Be the first to tag this record!

MARC

LEADER 00000naa a2200000 4500
001 r049477
005 20230921115104.4
041 0 |a slo 
044 |a SK 
245 1 0 |a Hypoúvery si v podnikoch zatiaľ nenašli veľa miesta  |c Martina Kláseková 
520 |a Hypotekárne úvery fyzických osôb vďaka štátnej podpore zažívajú boom, čo sa nedá povedať o právnických osobách. Príčiny danej situácie. Problémom je založenie úveru, schopnosť dlhodobo garantovať návratnosť a konkurencia investičných úverov. Podnikateľský plán. Úroky a poplatky. Základné podmienky hypotekárnych úverov pre právnické osoby. 
610 2 0 |a úver hypotekárny 
610 2 0 |a osoby právnické 
610 2 0 |a podnikatelia 
610 2 0 |a úrok 
610 2 0 |a poplatky 
610 2 0 |a plán podnikateľský 
610 2 0 |a úver investičný 
610 2 0 |a podnik malý 
610 2 0 |a podnik stredný 
100 1 |a Kláseková, Martina